000 01645cam a22004334i 4500
003 PE-LiUPU
005 20250731173253.0
008 150625s r 000 0 d
035 _a(Sirsi) a35623
040 _aPE-LiUPU
_bspa
_cPE-LiUPU
_erda
082 0 4 _a239
_bI48
_221
100 1 _aInchaurraga, Plácido,
_eautor.
245 1 0 _aLecciones de Apologética :
_bla revelación cristiana /
_cPlácido Inchaurraga.
264 1 _aItalia :
_bVitoria,
_c1953.
300 _a391páginas ;
_c21cm.
336 _atext
_2rdacontent
337 _aunmediated
_2rdamedia
338 _avolume
_2rdacarrier
505 0 _aPrimera Parte: Los Preámbulos de la Revelación.- Segunda Parte: La Revelación en General.- Tercera Parte: La Revelación Cristiana. TRATADO SEGUNDO. Primera Parte: La Iglesia de Jesucristo.- Segunda Parte: La Iglesia verdadera de Jesucristo.- Tercera Parte: Acusaciones modernas contra la Iglesia.
526 _aSEG42
526 _aSEG41
526 _aSEG40
526 _aSEG39
526 _aP94
526 _aP87
526 _aP86
526 _aP85
526 _aP77
526 _aP76
526 _aP35
650 0 4 _aApologética.
_92321
700 1 _aSeminario Diocesano de Vitoria.
910 _a
942 _2ddc
_cBOOK
949 _a239 I48
_wDEWEY
_c1
_i39161
_lCCODEBUL1
_mBUL
_p00.00
_r0
_sY
_tBOOK
_u2015-06-25
_xBIBLIOTECA
_zUNKNOWN
_0COMPRA
_o.STAFF. Colección General
596 _a1
999 _a239 I48
_wDEWEY
_c43608
_i39161
_f2021-11-11
_g5
_lCCODEBUL1
_mBUL
_r0
_sY
_tBOOK
_u2015-6-25
_xTEOLOGIA
_zUNKNOWN
_0COMPRA
_o.STAFF. Colección General
_d43608
980 _81
_gALBERTO SANCHEZ Responsable de Automatización